| 000 | 00784nam a2200241Ia 4500 | ||
|---|---|---|---|
| 003 | GCL | ||
| 008 | 140319s9999 xx 000 0 ara d | ||
| 040 |
_aGCL / _cGCL |
||
| 082 | 0 | 4 |
_a657.42 _bز ن |
| 100 | 1 | _aزينات محمد محرم | |
| 245 | 1 | 0 |
_aنظم قياس التكاليف / _cزينات محمد محرم |
| 700 | 1 | _aمحمد رشيد الجمال | |
| 260 |
_aالقاهرة : _bالدار الجامعية ، _c2004 |
||
| 300 |
_a403 ص ؛ _c24 سم |
||
| 650 | 0 | 4 | _aمحاسبة التكاليف |
| 650 | 0 | 4 | _aالادارة |
| 650 | 0 | 4 | _aالمحاسبة |
| 650 | 0 | 4 | _aالمحاسبة الادارية |
| 650 | 0 | 4 | _aالتكاليف الصناعية |
| 650 | 0 | 4 | _aالتكاليف |
| 650 | 0 | 4 | _aالتكاليف المعيارية |
| 942 |
_2ddc _cBK |
||
| 999 |
_c32797 _d32797 |
||